Fun International Facts - Statistics

General Stats
  • This quiz has been taken 35 times
  • The average score is 5 of 11
Answer Stats
Fact Answer % Correct
The only country to have a Prime Minister that shat himself at a McDonald's. Australia
67%
The newest country in the world. South Sudan
67%
This country has roughly a 12:1 height to width ratio. Chile
63%
The country with the most islands. Sweden
60%
The country founded by freed American slaves and now named their capital after president Monroe (Monrovia) and heavily modeled their constitution off of that of the United States. Liberia
57%
The country with more pyramids than Egypt. Sudan
57%
The last country to leave the USSR. Kazakhstan
50%
The country located in UTC+14:00 and sees the next day before any other nation. Kiribati
37%
The only country besides the U.S. to have drug commercials. New Zealand
37%
The first (and only) country to make chess a mandatory teaching in public schools in 2011. Armenia
33%
The name of the island split between Canada and Denmark (Greenland) in 2022 after the 17 year 'Whisky War'. Hans Island
10%
No matching quizzes found
Score Distribution
Percent of People with Each Score
Percentile by Number Answered
Your Score History
You have not taken this quiz